| 000 | 00529nam a2200169 4500 | ||
|---|---|---|---|
| 005 | 20260221092635.0 | ||
| 008 | 260221b |||||||| |||| 00| 0 eng d | ||
| 020 |
_a9780521625791 _qpbk |
||
| 082 |
_a306.766 _bFRA |
||
| 100 | _aFraser, Mariam | ||
| 245 |
_aIdentity without Selfhood: Simone de Beauvoir and Bisexuality (Cambridge Cultural Social Studies) _cMariam Fraser |
||
| 260 |
_aUK _bCambridge University Press _c1999 |
||
| 300 | _aix, 215p. | ||
| 504 | _aindex | ||
| 650 | _aCultural Social Studies | ||
| 942 | _cENGLISH | ||
| 999 |
_c614814 _d614814 |
||